| 000 | 01090nam a2200229Ia 4500 | ||
|---|---|---|---|
| 003 | Ost | ||
| 005 | 20260507075059.0 | ||
| 008 | 260507s9999||||xx |||||||||||||| ||und|| | ||
| 040 | _cfsecg | ||
| 041 | _aara | ||
| 082 | _a343.099 | ||
| 100 |
_aالجنبيهى، منير محمد _eمؤلف |
||
| 245 | 0 |
_aجرائم الأنترنت والحاسب الآلي ووسائل مكافحتها / _c منير محمد الجنبيهى |
|
| 260 |
_aالاسكندرية: _bدار الفكر الجامعي, _c2004 |
||
| 300 |
_a163 صفحة؛ _c24 سم |
||
| 504 | _aببليوغرافيا ص.163 | ||
| 520 | _aماهيةالأنترنت،أنواع الجرائم التي ترتكب عبر شبكة الأنترنت،مكافحة الجرائم الإلكترونية،تجربة جمهورية مصر العربية في مجال مكافحة جرائم الحاسبات وشبكات المعلومات | ||
| 653 | _aالأنترنت | ||
| 653 | _aالجريمة الالكترونية | ||
| 700 |
_aالجنبيهي، ممدوح محمد _eمؤلف ثانوي |
||
| 942 | _cكتاب | ||
| 999 |
_c42770 _d42770 |
||